[Event "Kingston Easter U1900"]
[Site "Kingston"]
[Date "2019.04.22"]
[Round "8.31"]
[White "Dong, Yiwei"]
[Black "Landstrom, William"]
[Result "1-0"]
[WhiteElo "1595"]
[BlackElo "1583"]
[PlyCount "65"]
[EventDate "2019.04.18"]
[EventType "swiss"]
[EventRounds "9"]
[EventCountry "CAN"]
[SourceTitle "EXT 2022"]
[Source "ChessBase"]
[SourceDate "2021.10.06"]
[SourceVersion "1"]
[SourceVersionDate "2021.10.06"]
[SourceQuality "1"]

1. d4 d6 2. e4 Nf6 3. Nc3 e5 4. dxe5 dxe5 5. Qxd8+ Kxd8 6. Nf3 Bd6 7. Be3 Be6 8. Ng5 Ke7 9. Nxe6 Kxe6 10. Bc4+ Ke7 11. f3 c6 12. a4 Nbd7 13. 0-0-0 Rhd8 14. Ne2 Nb6 15. Bb3 Nfd7 16. a5 Nc8 17. Ng3 g6 18. Bd2 Nc5 19. Bc4 b6 20. h4 h5 21. Nf1 Rd7 22. Ne3 Bc7 23. g4 hxg4 24. Nxg4 Ne6 25. h5 gxh5 26. Rxh5 b5 27. Bxe6 Kxe6 28. Rh6+ f6 29. Rxf6+ Ke7 30. Rh1 Bd6 31. Bg5 Ke8 32. Rh8+ Ke7 33. Rff8+ 1-0

[Event "Kingston Easter U1900"]
[Site "Kingston"]
[Date "2019.04.21"]
[Round "7.30"]
[White "Balasooriya, Randika"]
[Black "Dong, Yiwei"]
[Result "1/2-1/2"]
[WhiteElo "1828"]
[BlackElo "1595"]
[PlyCount "64"]
[EventDate "2019.04.18"]
[EventType "swiss"]
[EventRounds "9"]
[EventCountry "CAN"]
[SourceTitle "EXT 2022"]
[Source "ChessBase"]
[SourceDate "2021.10.06"]
[SourceVersion "1"]
[SourceVersionDate "2021.10.06"]
[SourceQuality "1"]

1. e4 e6 2. d4 d5 3. exd5 exd5 4. Bd3 Bd6 5. Ne2 Ne7 6. Bf4 Nbc6 7. c3 Bf5 8. Na3 Qd7 9. Nc2 0-0-0 10. Bxd6 Qxd6 11. Bxf5+ Nxf5 12. Qd3 Qf6 13. 0-0 h5 14. a4 Kb8 15. a5 a6 16. b4 Nd6 17. Na3 Qf5 18. Qxf5 Nxf5 19. b5 axb5 20. Nxb5 Nd6 21. Rfb1 Nxb5 22. Rxb5 Na7 23. Rb2 Ka8 24. Rab1 Rb8 25. Nf4 c6 26. Nd3 Nb5 27. Rb3 Ka7 28. Ne5 f6 29. Nd7 Rbd8 30. Nc5 Rhe8 31. Kf1 Re7 32. Re1 Rde8 1/2-1/2

[Event "Ontario-ch U20 U1800"]
[Site "Mississauga"]
[Date "2019.01.13"]
[Round "5.11"]
[White "Dong, Yiwei"]
[Black "Leblanc, Miguel"]
[Result "0-1"]
[WhiteElo "1493"]
[BlackElo "1539"]
[PlyCount "136"]
[EventDate "2019.01.12"]
[EventType "swiss"]
[EventRounds "5"]
[EventCountry "CAN"]
[SourceTitle "EXT 2022"]
[Source "ChessBase"]
[SourceDate "2021.10.06"]
[SourceVersion "1"]
[SourceVersionDate "2021.10.06"]
[SourceQuality "1"]

1. d4 Nf6 2. Nf3 d5 3. Bf4 e6 4. e3 c5 5. c3 Qb6 6. Qc2 Bd6 7. Bg3 Nbd7 8. Nbd2 Qc7 9. e4 e5 10. Rc1 b6 11. exd5 Nxd5 12. Ne4 f6 13. Bc4 Bb7 14. Qb3 Ne7 15. Bf7+ Kf8 16. dxe5 Bxe5 17. Nfd2 Bxg3 18. fxg3 Qe5 19. Qe6 Bd5 20. Qxe5 Nxe5 21. Bxd5 Nd3+ 22. Kd1 Nxd5 23. Rb1 f5 24. Rf1 Ne3+ 25. Ke2 Nxf1 26. Rxf1 Nxb2 27. Rxf5+ Ke7 28. Re5+ Kd8 29. Rd5+ Ke7 30. Nf3 Rad8 31. Rf5 Rhe8 32. Rf4 Nc4 33. Kf2 Nd6 34. Ned2 h6 35. g4 b5 36. g3 Rf8 37. Nb3 Rxf4 38. gxf4 Nb7 39. Ne5 a5 40. Ke3 Rd1 41. c4 bxc4 42. Nxc4 Rh1 43. Nbxa5 Nxa5 44. Nxa5 Rxh2 45. Nb3 Kd6 46. Nd2 Kd5 47. a4 c4 48. g5 hxg5 49. fxg5 c3 50. Nb3 Kc4 51. Nc1 Kb4 52. g6 Kxa4 53. Kd3 c2 54. Ne2 Rxe2 55. Kxe2 c1Q 56. Kf3 Qc6+ 57. Kf4 Qxg6 58. Ke5 Qd3 59. Ke6 g5 60. Kf7 Qd6 61. Kg7 g4 62. Kh7 g3 63. Kg8 g2 64. Kf7 g1R 65. Ke8 Re1+ 66. Kf7 Qf4+ 67. Kg6 Rg1+ 68. Kh7 Qh4# 0-1

[Event "Ontario-ch U20 U1800"]
[Site "Mississauga"]
[Date "2019.01.12"]
[Round "3.13"]
[White "Dong, Yiwei"]
[Black "Landstrom, William"]
[Result "1-0"]
[WhiteElo "1493"]
[BlackElo "1720"]
[PlyCount "103"]
[EventDate "2019.01.12"]
[EventType "swiss"]
[EventRounds "5"]
[EventCountry "CAN"]
[SourceTitle "EXT 2022"]
[Source "ChessBase"]
[SourceDate "2021.10.06"]
[SourceVersion "1"]
[SourceVersionDate "2021.10.06"]
[SourceQuality "1"]

1. d4 d6 2. Nf3 Nf6 3. Bf4 Nbd7 4. Nc3 c6 5. e4 Qc7 6. h3 e5 7. Be3 Be7 8. a3 b6 9. dxe5 dxe5 10. Bd3 Bb7 11. Ne2 c5 12. Ng3 c4 13. Be2 Bxe4 14. Nxe4 Nxe4 15. Qd5 Rd8 16. Qxe4 c3 17. b4 g6 18. Qc4 Qb8 19. Ng5 0-0 20. Qxc3 h6 21. Nf3 e4 22. Nd2 f5 23. Bc4+ Kh7 24. g4 f4 25. Bd4 e3 26. fxe3 Bh4+ 27. Kd1 fxe3 28. Qxe3 Rfe8 29. Qf3 Rf8 30. Qc3 b5 31. Bd3 Nf6 32. Nf3 Nd5 33. Qc6 Rd6 34. Qxd6 Qxd6 35. Bc5 Qf6 36. Nd4 Re8 37. Bxb5 Nc3+ 38. Kd2 Nxb5 39. Nxb5 Bg5+ 40. Kd3 Qf3+ 41. Kc4 Qe2+ 42. Kb3 Qxb5 43. Rhf1 Qb7 44. Rad1 Rd8 45. Rde1 Rd7 46. Re8 Rf7 47. Rfe1 Bf6 48. c4 Bg5 49. Bd4 Qf3+ 50. Ka4 Qc6+ 51. Ka5 Qxc4 52. Rh8# 1-0

[Event "Canadian op U1400"]
[Site "Sault Ste Marie"]
[Date "2017.07.14"]
[Round "7"]
[White "Mukherjee, Pranoy"]
[Black "Dong, Yiwei"]
[Result "0-1"]
[WhiteElo "1048"]
[BlackElo "1256"]
[PlyCount "72"]
[EventDate "2017.07.11"]
[EventType "swiss"]
[EventRounds "9"]
[EventCountry "CAN"]
[SourceTitle "EXT 2022"]
[Source "ChessBase"]
[SourceDate "2021.10.06"]
[SourceVersion "1"]
[SourceVersionDate "2021.10.06"]
[SourceQuality "1"]

1. d4 e6 2. c4 d5 3. Nc3 Nf6 4. Bg5 h6 5. Bh4 Be7 6. e3 Nbd7 7. Nf3 0-0 8. Qc2 b6 9. cxd5 Nxd5 10. Bxe7 Nxe7 11. Bd3 Nf6 12. 0-0 Bb7 13. Rac1 Bxf3 14. gxf3 Rc8 15. Kh1 Qd7 16. Rg1 Kh8 17. Bb5 Qd8 18. Rg2 c5 19. dxc5 Rxc5 20. Rcg1 Rg8 21. Qb1 Ned5 22. Nxd5 Qxd5 23. e4 Qe5 24. Bd3 Nh5 25. Rg4 Qd4 26. Rf1 Rd8 27. Be2 Rdc8 28. Rgg1 Qd2 29. Ba6 R8c7 30. Rd1 Qxf2 31. Rd8+ Kh7 32. e5+ g6 33. Bd3 Qxf3+ 34. Rg2 Rc1+ 35. Qxc1 Rxc1+ 36. Bf1 Rxf1# 0-1

[Event "Canadian op U1400"]
[Site "Sault Ste Marie"]
[Date "2017.07.13"]
[Round "5"]
[White "Dong, Yiwei"]
[Black "Jiang, Kate Yuhua"]
[Result "0-1"]
[WhiteElo "1256"]
[BlackElo "875"]
[PlyCount "102"]
[EventDate "2017.07.11"]
[EventType "swiss"]
[EventRounds "9"]
[EventCountry "CAN"]
[SourceTitle "EXT 2022"]
[Source "ChessBase"]
[SourceDate "2021.10.06"]
[SourceVersion "1"]
[SourceVersionDate "2021.10.06"]
[SourceQuality "1"]

1. d4 d5 2. c4 c6 3. Nf3 Nf6 4. Nc3 e6 5. Bg5 Be7 6. e3 Nbd7 7. Bd3 dxc4 8. Bxc4 b5 9. Bd3 a6 10. 0-0 Bb7 11. Rc1 c5 12. Qc2 Bxf3 13. gxf3 h6 14. Bh4 0-0 15. dxc5 Bxc5 16. Ne4 Be7 17. Bg3 Rc8 18. Qd2 Nxe4 19. Bxe4 Nc5 20. Qxd8 Rfxd8 21. Rfd1 Nxe4 22. fxe4 Rxd1+ 23. Rxd1 Rc2 24. Be5 Bh4 25. f3 Bf2+ 26. Kh1 Bxe3 27. Rd6 a5 28. Rd3 Bc1 29. Rb3 b4 30. Kg1 f6 31. Bd4 e5 32. Bb6 Bxb2 33. Bxa5 Ba3 34. Bxb4 Bxb4 35. Rxb4 Rxa2 36. Rb1 Kf7 37. Rf1 Kg6 38. Rf2 Rxf2 39. Kxf2 Kh5 40. Kg3 g6 41. h3 f5 42. Kg2 Kh4 43. Kh2 h5 44. Kg2 fxe4 45. fxe4 g5 46. Kh2 g4 47. Kg1 gxh3 48. Kh1 Kg3 49. Kg1 Kf3 50. Kh2 Kxe4 51. Kxh3 Kf3 0-1

[Event "CAN-ch U12"]
[Site "Windsor"]
[Date "2016.07.08"]
[Round "7.65"]
[White "Dong, Yiwei"]
[Black "Vadakken, Joel"]
[Result "0-1"]
[WhiteElo "926"]
[BlackElo "914"]
[PlyCount "66"]
[EventDate "2016.07.05"]
[EventType "swiss"]
[EventRounds "7"]
[EventCountry "CAN"]
[SourceTitle "EXT 2022"]
[Source "ChessBase"]
[SourceDate "2021.10.06"]
[SourceVersion "1"]
[SourceVersionDate "2021.10.06"]
[SourceQuality "1"]

1. d4 d5 2. c4 c6 3. Nf3 Nf6 4. Nc3 Bf5 5. e3 g6 6. Be2 Bg7 7. b3 0-0 8. 0-0 Qd6 9. Bb2 Be4 10. Nxe4 dxe4 11. Nd2 c5 12. Ba3 b6 13. Qc2 Nc6 14. dxc5 bxc5 15. Rad1 Qe5 16. Bb2 Qe6 17. Rfe1 Nb4 18. Qb1 Nd3 19. Bxd3 exd3 20. Nf3 Qd6 21. Rxd3 Qc7 22. Red1 Qc6 23. Ba3 Ng4 24. Rd5 Qc7 25. Rxc5 Qb6 26. Rb5 Qc7 27. h3 Ne5 28. Nxe5 Bxe5 29. Qe4 f6 30. Rc5 Qb6 31. Qc6 Rfd8 32. Rxd8+ Rxd8 33. Qxb6 Rd1# 0-1

[Event "CAN-ch U12"]
[Site "Windsor"]
[Date "2016.07.06"]
[Round "2.60"]
[White "Cyrenne, Cole"]
[Black "Dong, Yiwei"]
[Result "1-0"]
[WhiteElo "640"]
[BlackElo "926"]
[PlyCount "73"]
[EventDate "2016.07.05"]
[EventType "swiss"]
[EventRounds "7"]
[EventCountry "CAN"]
[SourceTitle "EXT 2022"]
[Source "ChessBase"]
[SourceDate "2021.10.06"]
[SourceVersion "1"]
[SourceVersionDate "2021.10.06"]
[SourceQuality "1"]

1. d4 Nf6 2. c4 c5 3. e3 d6 4. Nc3 Nc6 5. Nf3 g6 6. Be2 Bg7 7. 0-0 Bf5 8. Nd5 cxd4 9. exd4 Nxd5 10. cxd5 Nb4 11. Qa4+ Qd7 12. Bb5 Nc6 13. dxc6 Qc7 14. cxb7+ Bd7 15. Bxd7+ Qxd7 16. Qxd7+ Kxd7 17. bxa8Q Rxa8 18. Re1 Re8 19. h4 h5 20. Bg5 e5 21. Rad1 e4 22. Nh2 d5 23. f3 f6 24. Bf4 f5 25. b4 Kc6 26. a4 Rb8 27. Bxb8 a6 28. Rc1+ Kb6 29. Be5 Bf8 30. Rb1 Be7 31. g3 Bf8 32. Rec1 Be7 33. b5 Bd8 34. bxa6+ Kxa6 35. Rc6+ Ka7 36. Bb8+ Ka8 37. Ra6# 1-0